Competitively inhibited neural networks for adaptive parameter estimation
Αποθηκεύτηκε σε:
| Κύριος συγγραφέας: | |
|---|---|
| Μορφή: | Βιβλίο |
| Γλώσσα: | English |
| Δημοσίευση: |
Boston :
Kluwer Academic,
c1991
|
| Σειρά: | Kluwer international series in engineering and computer science. Knowledge representation, learning and expert systems
Kluwer international series in engineering and computer science ; ; 111 |
| Θέματα: | |
| Ετικέτες: |
Προσθήκη ετικέτας
Δεν υπάρχουν, Καταχωρήστε ετικέτα πρώτοι!
|
MARC
| LEADER | 00000cam a2200000 i 4500 | ||
|---|---|---|---|
| 001 | 1/43104 | ||
| 008 | 941103s1991 eng d | ||
| 020 | |a 0792390865 | ||
| 035 | |l 10041944 | ||
| 035 | |a 1993 |c ΠΑΝΑΓΙΩΤΟΠΟΥΛΟΣ | ||
| 040 | |a GR-MY-UA |b gre |e aacr | ||
| 041 | 0 | |a eng | |
| 082 | 0 | |a 006.3 |2 (20) | |
| 100 | 1 | |a Lemmon, Michael |d 1956- | |
| 245 | 1 | 0 | |a Competitively inhibited neural networks for adaptive parameter estimation / |c Michael Lemmon ; foreword by B.V.K. Vijaya Kumar |
| 260 | |a Boston : |b Kluwer Academic, |c c1991 | ||
| 300 | |a xi, 142 p.; |b ill.; |c 25 cm | ||
| 490 | 1 | |a Kluwer international series in engineering and computer science. Knowledge representation, learning and expert systems | |
| 490 | 1 | |a Kluwer international series in engineering and computer science |v ; 111 | |
| 504 | |a Includes bibliographical references (p. 133-136) and index | ||
| 650 | 0 | 0 | |a Neural networks (Computer science) |
| 830 | 0 | |a Kluwer international series in engineering and computer science. Knowledge representation, learning and expert systems | |
| 830 | 0 | |a Kluwer international series in engineering and computer science ; |v ; 111 | |
| 852 | |a INST |b SAMOS |e 19941103 |h 006.3 LEM |p 005300003706 |q 005300003706 |t BK |y 0 | ||
| 909 | |a Σ |b 029705 | ||